000 00733nam a22002417a 4500
003 UA-OsUOA
001 119272
007 ta
008 20161017b un ||||| |||| 00| 0 ukr d
100 _aСамойленко Г. В.
090 _a82.09:908(075.8)
_bС17
942 _cBK
040 _aUA-OsUOA
_bukr
_cUA-OsUOA
_dUA-OsUOA
245 _aКраєзнавство культурно-мистецьке та літературне
_bнавчальний посібник
300 _a131 с.
955 _a2
041 _aukr
080 _a82.09:908(075.8)
020 _a978-966-373-806-2
260 _aК.
_bКНТ
_c2016
650 7 _a82 Література. Літературознавство
_2UDC
999 _c405255
_d405255